Ruling on admissibility of proposed motions to adopt the reports of the departmental committee on finance, planning and trade and the departmental committee on justice and legal affairs on the nomination of certain constitutional office holders : (Record no. 9097)
[ view plain ]
| 000 -LEADER | |
|---|---|
| fixed length control field | 00821nam a22002772 4500 |
| 001 - CONTROL NUMBER | |
| control field | 0000019847 |
| 003 - CONTROL NUMBER IDENTIFIER | |
| control field | |
| 005 - DATE AND TIME OF LATEST TRANSACTION | |
| control field | 20151217152202.0 |
| 008 - FIXED-LENGTH DATA ELEMENTS--GENERAL INFORMATION | |
| fixed length control field | 110221s xx 000 0 eng d |
| 010 ## - LIBRARY OF CONGRESS CONTROL NUMBER | |
| LC control number | |
| 020 ## - INTERNATIONAL STANDARD BOOK NUMBER | |
| International Standard Book Number | |
| Terms of availability | $ |
| 040 ## - CATALOGING SOURCE | |
| Original cataloging agency | KABU |
| Transcribing agency | KABU |
| 100 1# - MAIN ENTRY--PERSONAL NAME | |
| Personal name | |
| Dates associated with a name | |
| 245 10 - TITLE STATEMENT | |
| Title | Ruling on admissibility of proposed motions to adopt the reports of the departmental committee on finance, planning and trade and the departmental committee on justice and legal affairs on the nomination of certain constitutional office holders : |
| Remainder of title | |
| Statement of responsibility, etc. | |
| 250 ## - EDITION STATEMENT | |
| Edition statement | ed. |
| 260 ## - PUBLICATION, DISTRIBUTION, ETC. (IMPRINT) | |
| Place of publication, distribution, etc. | |
| Name of publisher, distributor, etc. | |
| Date of publication, distribution, etc. | |
| 300 ## - PHYSICAL DESCRIPTION | |
| Extent | 19 p. : |
| Other physical details | |
| Dimensions | cm. |
| 440 #0 - SERIES STATEMENT/ADDED ENTRY--TITLE | |
| Title | |
| 500 ## - GENERAL NOTE | |
| General note | |
| 650 #0 - SUBJECT ADDED ENTRY--TOPICAL TERM | |
| Topical term or geographic name as entry element | |
| General subdivision | |
| 690 ## - LOCAL SUBJECT ADDED ENTRY--TOPICAL TERM (OCLC, RLIN) | |
| Topical term or geographic name as entry element | |
| 700 1# - ADDED ENTRY--PERSONAL NAME | |
| Personal name | Marende, Kenneth. |
| -- | 0000179827 |
| 908 ## - PUT COMMAND PARAMETER (RLIN) | |
| Put command parameter | 110221 |
| Withdrawn status | Lost status | Source of classification or shelving scheme | Not for loan | Home library | Current library | Date acquired | Total Checkouts | Full call number | Barcode | Date last seen | Price effective from | Koha item type |
|---|---|---|---|---|---|---|---|---|---|---|---|---|
| Library of Congress Classification | Kabarak, Main Campus | Kabarak, Main Campus | 17/12/2015 | LAW16 | 17/12/2015 | 17/12/2015 | General Collection | |||||
| Library of Congress Classification | Kabarak, Main Campus | Kabarak, Main Campus | 17/12/2015 | LAW15 | 17/12/2015 | 17/12/2015 | General Collection |